000 00770nam a2200265Ia 4500
003 OSt
005 20220925212434.0
006 a|||||r|||| 00| 0
007 ta
008 220923b |||||||| |||| 00| 0 eng d
020 _a0043270603
037 _cGeneral Book
040 _aRTL
_cRTL
_beng
041 _2eng
_aeng
082 _aWjN12, M1
100 _aMerritt Richard L
_9276802
245 0 _aFrom national development to global community
_b Ess
260 _aLondon
_bAllen & Unwin
_c1981
300 _a480p
_ccm.
500 _aBibliography: P 447-63
650 _aPolitical Science
700 _a Russett Bruce M Ed.
_9276803
942 _hWjN12, M1
_cGB
_2CC
999 _c560359
_d560359